| 000 | 00356 a2200169 4500 | ||
|---|---|---|---|
| 001 | 168736 | ||
| 020 | _a85-16-02728-7 | ||
| 040 | _cMagnum | ||
| 100 | _aKupstas, Marcia | ||
| 240 | 1 | 0 |
_aUm negro muito gato _lpor |
| 245 | 1 | 0 | _aUm negro muito gato |
| 300 | _a30 | ||
| 362 | 0 | _a2001 | |
| 440 | 1 | _aModerna | |
| 697 | _aLITERATURA JUVENIL | ||
| 942 | _cBK | ||
| 999 |
_c168736 _d168736 |
||